Quiz o Ferrari! - Statystyki

Ogólne statystyki
  • Ten quiz został rozwiązany 17 razy
  • Średni wynik to 9 z 18
Statystyki odpowiedzi
Pytanie Odpowiedź % Poprawnych
Kraj w którym powstała marka Włochy
100%
Liczba mistrzostw konstruktorów które Ferrari wygrało w F1 16
83%
Założyciel Enzo Ferrari
83%
Miasto w którym powstała marka Maranello
83%
W latach 1969-2016 Ferrari należało do marki FIAT
67%
Nazwa na fanatycznych fanów włoskiej marki w F1 Tifosi
58%
Syn założyciela po którego śmierci powstał model ….206 GT Alfredo (Dino) Ferrari
50%
Ostatni model nad którym pracował założyciel Ferrari F40
50%
Domowy wyścig F1 który marka wygrała 20 razy Grand Prix Włoch
50%
Były szef Ferrari, doprowadził zespół do 5 tytułów Michaela Schumachera w latach 2000-2004 Jean Todt
42%
Rok założenia 1938
33%
Najdroższy model marki sprzedany za 51,7 mln dolarów Ferrari 250 GTO
33%
Legendarny model który powstał po śmierci założyciela Ferrari Enzo
33%
W 1963 roku markę Ferrari chciał kupić Ford
33%
Nazwa słynnego czerwonego lakieru Rosso Corsa
33%
Tor na którym testowane są bolidy F1 oraz samochody marki Fiorano
25%
Legendarne studio projektowe z którym współpracowało Ferrari Pininfarina
25%
Przydomek nadany założycielowi firmy Il commendatore
8%
Nie znaleziono quizów pasujących do podanych kryteriów
Rozkład punktacji
Procent ludzi z każdym wynikiem
Percentyl według liczby udzielonych odpowiedzi
Twoja historia wyników
Nie rozwiązałeś tego quizu